| 000 | 01426cam a2200277 4500 | ||
|---|---|---|---|
| 001 | ABS63676 | ||
| 008 | 000000n2001 000 0 eng u | ||
| 035 | _a(Sirsi) u111374 | ||
| 245 | _aOffice parks | ||
| 260 | _c2001 | ||
| 490 |
_aEuroProperty _vMarch 2001, 57-63(5) |
||
| 520 | _aA survey looking at the development of the office park concept in continental Europe. Known in the UK as business parks, these are sites with high specification offices and amenities located in attractively landscaped environments. To date the concept has primarily been adopted in the UK. Having largely exhausted opportunities in the UK, developers are now looking to continental Europe for possible opportunities. Considers how far office parks are likely to be a success on the Continent. Includes a table detailing office park developments across Europe. Also considers the transport challenge facing business park developers in the UK. Finally, describes the development of a number of out-of-town office parks in Madrid, which bear many similarities to those in the UK. | ||
| 590 | _aABS | ||
| 650 | _aBUSINESS PARKS | ||
| 650 | _aOFFICE PARKS | ||
| 650 | _aEUROPE | ||
| 650 | _aPROPERTY-COMMERCIAL PROPERTY | ||
| 650 | _aMADRID | ||
| 650 | _aUNITED KINGDOM | ||
| 650 | _aOFFICES | ||
| 650 | _aUNITED STATES | ||
| 650 | _aTRANSPORT | ||
| 650 | _aSURVEY | ||
| 690 | _aDEVELOPMENT-SUSTAINABLE | ||
| 942 | _n0 | ||
| 999 |
_c66351 _d66351 |
||